Tratado de filosofía general
Guardat en:
| Autor principal: | |
|---|---|
| Format: | Llibre |
| Idioma: | espanyol |
| Publicat: |
Buenos Aires
El ateneo
1947
|
| Edició: | 2a. ed |
| Matèries: | |
| Etiquetes: |
Afegir etiqueta
Sense etiquetes, Sigues el primer a etiquetar aquest registre!
|
MARC
| LEADER | 00000nam a2200000 a 4500 | ||
|---|---|---|---|
| 001 | UCY8233 | ||
| 003 | CL-VaPUC | ||
| 008 | 950703e19470000AG |||||||||||||||||spa|d | ||
| 082 | 0 | 4 | |a 100 |b NUÑ |2 21 |
| 100 | |a Núñez Regueiro, Manuel |e autor |9 339482 | ||
| 245 | 1 | 0 | |a Tratado de filosofía general |
| 250 | |a 2a. ed | ||
| 300 | |a 424 p | ||
| 942 | |c BK | ||
| 945 | |d 19950703 00:00:00 |a aalvarez | ||
| 260 | |a Buenos Aires |b El ateneo |c 1947 | ||
| 650 | 0 | |a Filosofía |9 223554 | |
| 583 | |a last modification |c 19950703 00:00:00 |k Rodrigo Vera | ||
| 999 | |c 235508 |d 235506 | ||
| 952 | |0 0 |1 0 |4 0 |6 100_000000000000000_NUÑ_1947 |7 0 |8 P |9 242992 |a BIBEDU |b BIBEDU |c BIBEDU_PB |d 2019-11-18 |i 3098338 |o 100 NUÑ 1947 |p 3098338 |r 2024-01-25 |w 2019-11-18 |y BK |k FIL | ||